Statistiques concernant Films par synonymes #3

Cliquez ici pour prendre le quiz!

Statistiques générales

  • Ce quiz a été pris 352 fois
  • Le résultat moyen est 5 sur 10

Statistiques - réponses

SynonymeRéponse% Correct
Gros paquebotTitanic
94%
Un peau rouge au sein d'une métropoleUn indien dans la ville
69%
Le tontonLe Parrain
55%
Le petit moustachu et le grosAsterix et Obelix
54%
La coléreLa haine
53%
L'hôtel des mangeurs de paellaL'auberge espagnole
48%
Les démunisLes misérables
31%
La grande tour de ferEiffel
30%
Le roi des bijoutiersLe seigneur des anneaux
21%
Les histoires du JuifLes aventures de Rabbi Jacob
16%

Distribution des résultats

Percentile par nombre de réponses

% des personnes avec chaque résultat

Votre développement - résultats

Vous n’avez pas pris ce quiz